Perspective Drawing Handbook /
-д хадгалсан:
| Үндсэн зохиолч: | |
|---|---|
| Бусад зохиолчид: | |
| Формат: | Ном |
| Хэл сонгох: | англи |
| Хэвлэсэн: |
Mineola, EUA :
Dover,
2004, c1992
|
| Цуврал: | (Dover Books on Art Instruction)
|
| Нөхцлүүд: | |
| Шошгууд: |
Шошго байхгүй, Энэхүү баримтыг шошголох эхний хүн болох!
|
MARC
| LEADER | 00000nam^a2200000^a^4500 | ||
|---|---|---|---|
| 001 | 000184840 | ||
| 005 | 20250521000000.0 | ||
| 009 | 20260310102130.311 | ||
| 020 | |a 0-486-43208-4 | ||
| 037 | |a Acervo ITESO - Biblioteca | ||
| 041 | |a ING | ||
| 082 | |a 516. 5 |b DAM | ||
| 100 | |a D'Amelio, Joseph |e (texto e il.) | ||
| 245 | 1 | 0 | |a Perspective Drawing Handbook / |c Texto de J. D'Amelio ; il. de J. D'Amelio, S. Hohauser. |
| 264 | 4 | |a Mineola, EUA : |b Dover, |c 2004, c1992 | |
| 300 | |a 96 p. | ||
| 336 | |a texto |b txt |2 rdacontenido | ||
| 337 | |a sin mediación |b n |2 rdamedio | ||
| 338 | |a volumen |b nc |2 rdasoporte | ||
| 440 | 1 | |a (Dover Books on Art Instruction) | |
| 649 | |a XX | ||
| 650 | |a Perspectiva - |x Tema Principal | ||
| 650 | |a Dibujo - |x Técnica - |x Tema Principal | ||
| 650 | |a Comunicación Visual | ||
| 650 | |a Geometría Proyectiva | ||
| 700 | |a Hohauser, Sanford |e (ilustración) | ||
| 910 | |a Fondo General | ||
| 920 | |a Impresos - Libros | ||
| 930 | |a Colección General | ||
| 905 | |a 101 | ||
| 901 | |a 0500125752 |b IT1 |c ACC |u 20250521 | ||
| 902 | |a https://opac.biblio.iteso.mx/vufind/Record/000184840 | ||